|
|
|
|
| LEADER |
01850nam a2200421Ia 4500 |
| 001 |
EBC429959 |
| 003 |
MiAaPQ |
| 005 |
20200520144314.0 |
| 006 |
m o d | |
| 007 |
cr cn||||||||| |
| 008 |
040603s2004 enka sb 001 0 eng d |
| 010 |
|
|
|z 2004013168
|
| 015 |
|
|
|a GBA449400
|2 bnb
|
| 020 |
|
|
|z 1844071405 (pbk.)
|
| 035 |
|
|
|a (MiAaPQ)EBC429959
|
| 035 |
|
|
|a (Au-PeEL)EBL429959
|
| 035 |
|
|
|a (CaPaEBR)ebr10128956
|
| 035 |
|
|
|a (CaONFJC)MIL47510
|
| 035 |
|
|
|a (OCoLC)466434271
|
| 040 |
|
|
|a MiAaPQ
|c MiAaPQ
|d MiAaPQ
|
| 050 |
|
4 |
|a HJ9695
|b .B57 2004
|
| 082 |
0 |
4 |
|a 352.4/216
|2 22
|
| 100 |
1 |
|
|a Blore, Ian.
|
| 245 |
1 |
0 |
|a Municipalities and finance
|h [electronic resource] :
|b a sourcebook for capacity building /
|c Ian Blore, Nick Devas, Richard Slater.
|
| 260 |
|
|
|a London ;
|a Sterling, VA :
|b Earthscan,
|c 2004.
|
| 300 |
|
|
|a xix, 179 p. :
|b ill.
|
| 490 |
1 |
|
|a Municipal capacity building series
|
| 504 |
|
|
|a Includes bibliographical references (p. 173-174) and index.
|
| 505 |
0 |
|
|a Introduction : a strategic framework for municipal capacity building in finance -- Diagnosing current capacity -- Focusing financial goals -- Enhancing tax revenues -- Exploiting charges -- Towards better budgeting -- Controlling costs -- Accounting reform -- Finance for investment -- Framework for action.
|
| 533 |
|
|
|a Electronic reproduction. Ann Arbor, MI : ProQuest, 2015. Available via World Wide Web. Access may be limited to ProQuest affiliated libraries.
|
| 650 |
|
0 |
|a Municipal finance
|z Developing countries.
|
| 650 |
|
0 |
|a Local finance
|z Developing countries.
|
| 655 |
|
4 |
|a Electronic books.
|
| 700 |
1 |
|
|a Devas, Nick.
|
| 700 |
1 |
|
|a Slater, R. P.
|
| 710 |
2 |
|
|a ProQuest (Firm)
|
| 830 |
|
0 |
|a Municipal capacity building series.
|
| 856 |
4 |
0 |
|u https://ebookcentral.proquest.com/lib/matrademy/detail.action?docID=429959
|z Click to View
|